The Franco-German War 1870 (Record no. 552923)
[ view plain ]
| 000 -LEADER | |
|---|---|
| fixed length control field | 00350cam a2200133K 4500 |
| 082 ## - DEWEY DECIMAL CLASSIFICATION NUMBER | |
| Classification number | 943.082 |
| Author Mark | AND |
| -- | D |
| 100 ## - MAIN ENTRY--PERSONAL NAME | |
| Personal name | Anderson, J.H |
| 9 (RLIN) | 50204 |
| 245 14 - TITLE STATEMENT | |
| Title | The Franco-German War 1870 |
| Statement of responsibility, etc. | J.H, Anderson |
| 260 ## - PUBLICATION, DISTRIBUTION, ETC. | |
| Place of publication, distribution, etc. | London: |
| Name of publisher, distributor, etc. | Hugh Rees, |
| Date of publication, distribution, etc. | 1911. |
| 300 ## - PHYSICAL DESCRIPTION | |
| Extent | 110 p. : |
| 526 ## - STUDY PROGRAM INFORMATION NOTE | |
| Program name | 0 |
| Interest level | 0 |
| Reading level | 0 |
| Title point value | 943_082000000000000_AND |
| 650 #0 - SUBJECT ADDED ENTRY--TOPICAL TERM | |
| Topical term or geographic name entry element | MCE |
| 9 (RLIN) | 379 |
| 942 ## - ADDED ENTRY ELEMENTS (KOHA) | |
| Source of classification or shelving scheme | |
| Koha item type | Book |
| Withdrawn status | Lost status | Source of classification or shelving scheme | Damaged status | Not for loan | Permanent Location | Current Location | Shelving location | Date acquired | Total Checkouts | Full call number | Barcode | Date last seen | Price effective from | Koha item type |
|---|---|---|---|---|---|---|---|---|---|---|---|---|---|---|
| Military College of Engineering (MCE) | Military College of Engineering (MCE) | 01/27/2015 | 943.082 AND | MCE-ECF/51 | 01/27/2015 | 01/27/2015 | Book |
